00897cam a2200277 a 45000010008000000030004000080050017000120080041000290100017000700200012000870400019000990430012001180500022001300820025001521000020001772450104001972500013003012600042003143000020003565000073003765000020004495040030004696500045004996510032005446510043005763276237OSt20200515092358.0811103s1980 ii b 001 0 eng  a 81902036  cRs50.00 aDLCcoclcdDLC aa-ii---00aDS432.T3bS9 198000a954.800494811bSUB/S aSubrahmanian, N10aŚaṅgam polity :bthe administration and social life of the Śaṅgam Tamils /cN. Subrahmanian aRev. ed. aMadurai :bEnnes Publications,c1980. a446p. ;c23 cm. aRevision of the author's thesis (Ph. D.--Annamalai University, 1958) aIncludes index. aBibliography: p. 422-428. 0aHistory & geographyvIslamic History 0aIndia, SouthxCivilization. 0aIndia, SouthxPolitics and government.